000 00504nam a2200193Ia 4500
001 20162
003 GE_BSU
008 181216s||||||||xx |||||||||||||| ||und||
040 _cGE_BSU
245 4 _aThe Economist, February 25-March 3rd. 2017
245 _bNumber 9029 Volume 422
260 _aParis
260 _c2017
300 _a78 p. 27cm. ill.
653 _aThe Economist. February 25-March 3rd. 2017
653 _aumber 9029 Volume 422
653 _aპერიოდიკა
942 _cCR
999 _c53123
_d53123